| 000 | 00501nam a22001817a 4500 | ||
|---|---|---|---|
| 003 | NUST | ||
| 005 | 20220824105217.0 | ||
| 008 | 220824b ||||| |||| 00| 0 eng d | ||
| 020 | _a9781443461351 | ||
| 038 | _aAzhar | ||
| 082 |
_a158.1 _bNAD |
||
| 100 |
_a Nadeau, J. Paul _998450 |
||
| 245 |
_aTake control of your life : rescue yourself and live the life you deserve _cJ. Paul Nadeau |
||
| 260 |
_aCanada _bHarperCollins Publishers _c2018 |
||
| 300 | _a209p | ||
| 563 | _aPB | ||
| 942 |
_2ddc _cLC |
||
| 999 |
_c591304 _d591304 |
||